The price of sustainable schools (Record no. 107788)

MARC details
000 -LEADER
fixed length control field 01088cam a22002895a 4500
001 - CONTROL NUMBER
control field L141902
008 - FIXED-LENGTH DATA ELEMENTS--GENERAL INFORMATION
fixed length control field 080111s2008 xxk f 000 0 eng d
020 ## - INTERNATIONAL STANDARD BOOK NUMBER
International Standard Book Number 9781848060180
035 ## - SYSTEM CONTROL NUMBER
System control number (Sirsi) u141902
041 0# - LANGUAGE CODE
Language code of text/sound track or separate title eng
050 04 - LIBRARY OF CONGRESS CALL NUMBER
Classification number 333.72 $2 18
100 1# - MAIN ENTRY--PERSONAL NAME
Personal name Surgenor, Anna
245 04 - TITLE STATEMENT
Title The price of sustainable schools
Remainder of title how much does it cost to achieve BREEAM Schools ratings?
260 ## - PUBLICATION, DISTRIBUTION, ETC.
Place of publication, distribution, etc. Garston
Name of publisher, distributor, etc. BRE
Date of publication, distribution, etc. 2008
300 ## - PHYSICAL DESCRIPTION
Extent 6p.
Dimensions 30cm.
490 #0 - SERIES STATEMENT
Series statement BRE Information Paper
Volume/sequential designation IP 1/08
520 ## - SUMMARY, ETC.
Summary, etc. Identifies the additional capital costs associated with a range of sustainable and low or zero-carbon solutions for a primary and secondary school. Reveals significant improvements in the sustainability performance of a building can be achieved at little additional cost.
521 2# - TARGET AUDIENCE NOTE
Target audience note Advanced
590 ## - LOCAL NOTE (RLIN)
Local note KA
650 24 - SUBJECT ADDED ENTRY--TOPICAL TERM
Topical term or geographic name entry element BREEAM RATING
651 #4 - SUBJECT ADDED ENTRY--GEOGRAPHIC NAME
Geographic name United Kingdom
Chronological subdivision
690 ## - LOCAL SUBJECT ADDED ENTRY--TOPICAL TERM (OCLC, RLIN)
Topical term or geographic name as entry element BUILT ENVIRONMENT-SUSTAINABLE CONSTRUCTION
690 ## - LOCAL SUBJECT ADDED ENTRY--TOPICAL TERM (OCLC, RLIN)
Topical term or geographic name as entry element BUILT ENVIRONMENT-BUILDING COSTS
700 1# - ADDED ENTRY--PERSONAL NAME
Personal name Butterss, Ian
710 2# - ADDED ENTRY--CORPORATE NAME
Corporate name or jurisdiction name as entry element Building Research Establishment
942 ## - ADDED ENTRY ELEMENTS (KOHA)
Suppress in OPAC 0
Holdings
Withdrawn status Lost status Source of classification or shelving scheme Damaged status Not for loan Home library Current library Shelving location Date acquired Total Checkouts Full call number Barcode Date last seen Date last checked out Copy number Price effective from Koha item type
    Dewey Decimal Classification     London London BRE publications 05/02/2008 2 ENQUIRY DESK 30074488 06/08/2019 12/11/2009 1 06/08/2019 Book